As-tu lu Céline ? (notice n° 1553810)
[ vue normale ]
| 000 -LEADER | |
|---|---|
| fixed length control field | 01817cam a2200277zu 4500 |
| 003 - CONTROL NUMBER IDENTIFIER | |
| control field | FRCYB45007927 |
| 005 - DATE AND TIME OF LATEST TRANSACTION | |
| control field | 20251020123332.0 |
| 008 - FIXED-LENGTH DATA ELEMENTS--GENERAL INFORMATION | |
| fixed length control field | 251020s2005 fr | o|||||0|0|||fre d |
| 020 ## - INTERNATIONAL STANDARD BOOK NUMBER | |
| International Standard Book Number | 9782844502841 |
| 035 ## - SYSTEM CONTROL NUMBER | |
| System control number | FRCYB45007927 |
| 040 ## - CATALOGING SOURCE | |
| Original cataloging agency | FR-PaCSA |
| Language of cataloging | fr |
| Transcribing agency | |
| Description conventions | rda |
| 100 1# - MAIN ENTRY--PERSONAL NAME | |
| Personal name | Bonneton, André Alexandre |
| 245 01 - TITLE STATEMENT | |
| Title | As-tu lu Céline ? |
| Statement of responsibility, etc. | ['Bonneton, André Alexandre'] |
| 264 #1 - PRODUCTION, PUBLICATION, DISTRIBUTION, MANUFACTURE, AND COPYRIGHT NOTICE | |
| Name of producer, publisher, distributor, manufacturer | Ibis Rouge |
| Date of production, publication, distribution, manufacture, or copyright notice | 2005 |
| 300 ## - PHYSICAL DESCRIPTION | |
| Extent | p. |
| 336 ## - CONTENT TYPE | |
| Content type code | txt |
| Source | rdacontent |
| 337 ## - MEDIA TYPE | |
| Media type code | c |
| Source | rdamdedia |
| 338 ## - CARRIER TYPE | |
| Carrier type code | c |
| Source | rdacarrier |
| 520 ## - SUMMARY, ETC. | |
| Summary, etc. | André-Alexandre Bonneton, psychiatre, a exercé la médecine générale, dans ses débuts, à quelques années d'intervalle, comme son confrère, le docteur Louis-Ferdinand Destouches (alias Céline), dans le secteur Nord de Paris. Il y a côtoyé des gens du même profil que ceux croqués par l'auteur du Voyage au bout de la nuit. Il nous convie à une approche objective de la psychologie d'un écrivain dont on occulte habituellement les pamphlets racistes et antisémites : Bagatelles pour un massacre, l'Ecole des cadavres, Les Beaux Draps, Mea culpa. Ces derniers se sont pourtant avérés criminogènes et incitateurs au génocide des juifs lors de la Deuxième Guerre mondiale où ils ont été réédités. Dans son As-tu lu Céline ?, André-Alexandre Bonneton met en exergue la facilité des inventions gratuites d'un style dont l'auteur n'a cessé de prétendre qu'il était unique. Il y démontre aussi que Céline a fait l'objet d'un procès tronqué dont il demande la requalification en crime contre l'humanité. |
| 650 #0 - SUBJECT ADDED ENTRY--TOPICAL TERM | |
| Topical term or geographic name entry element | |
| 700 0# - ADDED ENTRY--PERSONAL NAME | |
| Personal name | Bonneton, André Alexandre |
| 856 40 - ELECTRONIC LOCATION AND ACCESS | |
| Access method | Cyberlibris |
| Uniform Resource Identifier | <a href="https://international.scholarvox.com/netsen/book/45007927">https://international.scholarvox.com/netsen/book/45007927</a> |
| Electronic format type | text/html |
| Host name | |
Pas d'exemplaire disponible.




Réseaux sociaux